000 00412nam a2200181Ia 4500
008 170918s9999 xx 000 0 und d
020 _a440224764
050 _bG869pa 1997
100 _aGrisham, John
245 4 _aThe partner /
245 _cby John Grisham.
260 _aCanada :
260 _bDell Book,
260 _c1997
300 _a468 pages :
300 _billustrations ;
300 _c17cm.
999 _c343419
_d343419